| 000 | 00618nam a22001937a 4500 | ||
|---|---|---|---|
| 005 | 20220711115414.0 | ||
| 008 | 220711b ||||| |||| 00| 0 eng d | ||
| 040 | _cAL | ||
| 041 | _aEnglish | ||
| 082 |
_223 _a960 _bINDA |
||
| 100 |
_aIndian council for cultural relations _948041 |
||
| 245 | _aAfrica Quarterly Vol 39 No 1 1999 | ||
| 260 |
_aNew Delhi _bIndian Council for Cultural Relations _c1999 |
||
| 300 |
_a141 p. _bPB _c24x16 cm. |
||
| 650 |
_aThe search for peace in Angola _948042 |
||
| 650 |
_aHuman Rights in Africa _948043 |
||
| 700 |
_aINDIAN COUNCIL FOR CULTURAL RELATIONS _948044 |
||
| 942 |
_2ddc _cGF |
||
| 999 |
_c223684 _d223684 |
||